000 00885cam a22002534a 4500
001 12025643
005 20180110080304.0
008 000531s2001 nyua b 001 0 eng
010 _a 00042841
020 _a0321063961 (pbk.)
040 _aDLC
_cDLC
_dDLC
041 _aeng
042 _apcc
043 _an-us---
080 _a372.43 ALL
082 0 0 _a372.43 ALL
_221
100 1 _a46
101 _aEDU
245 1 0 _aWhat really matters for struggling readers :
_cRichard L. Allington.
504 _aIncludes bibliographical references (p. 149-161) and index.
906 _a7
_bcbc
_corignew
_d1
_eocip
_f20
_gy-gencatlg
942 _2ddc
_cBK
999 _c40021
_d40021